| Tag |
First Indicator |
Second Indicator |
Subfields |
| LEADER |
00000cam a22000008a 4500 |
| 001 |
in00000007863 |
| 005 |
20151002070042.0 |
| 008 |
861028s1987 njua b s00110 eng |
| 010 |
|
|
|a 86028023
|
| 020 |
|
|
|a 0813512336 :
|c $25.00
|
| 035 |
|
|
|a (OCoLC)14716976
|
| 035 |
|
|
|9 AAA0203AM
|
| 040 |
|
|
|a DLC
|c DLC
|d m/c
|d TXA
|d UtOrBLW
|
| 043 |
|
|
|a n-us-nj
|
| 050 |
0 |
0 |
|a HV6603.L5
|b F57 1987
|
| 082 |
0 |
|
|a 364.1/54/0924
|a B
|2 19
|
| 100 |
1 |
|
|a Fisher, Jim,
|d 1939-
|
| 245 |
1 |
4 |
|a The Lindbergh case /
|c by Jim Fisher.
|
| 263 |
|
|
|a 8710
|
| 264 |
|
1 |
|a New Brunswick :
|b Rutgers University Press,
|c [1987]
|
| 264 |
|
4 |
|c ©1987
|
| 300 |
|
|
|a vii, 480 pages :
|b illustrations
|
| 336 |
|
|
|a text
|b txt
|2 rdacontent
|
| 337 |
|
|
|a unmediated
|b n
|2 rdamedia
|
| 338 |
|
|
|a volume
|b nc
|2 rdacarrier
|
| 504 |
|
|
|a Bibliography: pages 465-469.
|
| 500 |
|
|
|a Includes index.
|
| 600 |
1 |
0 |
|a Lindbergh, Charles Augustus,
|d 1930-1932.
|
| 600 |
1 |
0 |
|a Hauptmann, Bruno Richard,
|d 1899-1936.
|
| 650 |
|
0 |
|a Kidnapping
|z New Jersey.
|
| 999 |
|
|
|a MARS
|
| 999 |
f |
f |
|s 4933e353-331f-337a-918c-9ae5b426238b
|i 9310125f-8f82-36bc-bf7e-751a9a3ec67e
|t 0
|
| 952 |
f |
f |
|p ric
|a Texas A&M University
|b Rellis Campus
|c Joint Library Facility
|d Remote Storage
|t 0
|e HV6603.L5 F57 1987
|h Library of Congress classification
|i unmediated -- volume
|m A14810951381
|
| 998 |
f |
f |
|a HV6603.L5 F57 1987
|t 0
|l Remote Storage
|